<?xml version="1.0" encoding="UTF-8"?>
<record
    xmlns:xsi="http://www.w3.org/2001/XMLSchema-instance"
    xsi:schemaLocation="http://www.loc.gov/MARC21/slim http://www.loc.gov/standards/marcxml/schema/MARC21slim.xsd"
    xmlns="http://www.loc.gov/MARC21/slim">

  <leader>00714nam a22002537a 4500</leader>
  <controlfield tag="003">UA-OsUOA</controlfield>
  <controlfield tag="001"> 22731 </controlfield>
  <controlfield tag="007">ta</controlfield>
  <controlfield tag="008">20031224b un ||||| |||| 00| 0 ukr d</controlfield>
  <datafield tag="090" ind1=" " ind2=" ">
    <subfield code="a">232.9</subfield>
    <subfield code="b">&#x421;83</subfield>
  </datafield>
  <datafield tag="942" ind1=" " ind2=" ">
    <subfield code="c">BK</subfield>
  </datafield>
  <datafield tag="040" ind1=" " ind2=" ">
    <subfield code="a">UA-OsUOA</subfield>
    <subfield code="b">rus</subfield>
    <subfield code="c">UA-OsUOA</subfield>
    <subfield code="d">UA-OsUOA</subfield>
  </datafield>
  <datafield tag="245" ind1=" " ind2=" ">
    <subfield code="a">&#x421;&#x442;&#x440;&#x430;&#x434;&#x430;&#x43D;&#x438;&#x44F; &#x441;&#x43F;&#x430;&#x441;&#x438;&#x442;&#x435;&#x43B;&#x44F; &#x43C;&#x438;&#x440;&#x430; &#x418;&#x438;&#x441;&#x443;&#x441;&#x430; &#x425;&#x440;&#x438;&#x441;&#x442;&#x430; &#x43F;&#x43E; &#x431;&#x43B;&#x430;&#x433;&#x43E;&#x434;&#x430;&#x442;&#x43D;&#x44B;&#x43C; &#x432;&#x438;&#x434;&#x435;&#x43D;&#x438;&#x44F;&#x43C; &#x431;&#x43B;&#x430;&#x436;. &#x415;&#x43A;&#x430;&#x442;&#x435;&#x440;&#x438;&#x43D;&#x44B; &#x42D;&#x43C;&#x435;&#x440;&#x438;&#x445;</subfield>
    <subfield code="c">&#x420;&#x435;&#x434;. &#x411;. &#x41D;.&#x41A;&#x438;&#x440;&#x44C;&#x44F;&#x43D;&#x43E;&#x432;</subfield>
  </datafield>
  <datafield tag="300" ind1=" " ind2=" ">
    <subfield code="a">160 &#x441;.</subfield>
  </datafield>
  <datafield tag="955" ind1=" " ind2=" ">
    <subfield code="a">0</subfield>
  </datafield>
  <datafield tag="041" ind1=" " ind2=" ">
    <subfield code="a">rus</subfield>
  </datafield>
  <datafield tag="080" ind1=" " ind2=" ">
    <subfield code="a">232.9</subfield>
  </datafield>
  <datafield tag="020" ind1=" " ind2=" ">
    <subfield code="a">5-82-92-0065-1</subfield>
  </datafield>
  <datafield tag="260" ind1=" " ind2=" ">
    <subfield code="a">&#x41A;&#x438;&#x457;&#x432;</subfield>
    <subfield code="b">&#x423;&#x41F;&#x426;</subfield>
    <subfield code="c">1972</subfield>
  </datafield>
  <datafield tag="044" ind1=" " ind2=" ">
    <subfield code="a">UA</subfield>
  </datafield>
  <datafield tag="250" ind1=" " ind2=" ">
    <subfield code="n">&#x41F;&#x440;&#x435;&#x43F;&#x440;.</subfield>
  </datafield>
  <datafield tag="650" ind1=" " ind2="7">
    <subfield code="2">UDC</subfield>
  </datafield>
  <datafield tag="999" ind1=" " ind2=" ">
    <subfield code="c">308959</subfield>
    <subfield code="d">308959</subfield>
  </datafield>
  <datafield tag="952" ind1=" " ind2=" ">
    <subfield code="0">0</subfield>
    <subfield code="1">0</subfield>
    <subfield code="2">udc</subfield>
    <subfield code="4">0</subfield>
    <subfield code="7">0</subfield>
    <subfield code="a">101</subfield>
    <subfield code="b">101</subfield>
    <subfield code="d">2003-12-24</subfield>
    <subfield code="g">7.00</subfield>
    <subfield code="i">0249</subfield>
    <subfield code="l">0</subfield>
    <subfield code="o">232.9 &#x421;83</subfield>
    <subfield code="p">0249</subfield>
    <subfield code="r">2019-07-13 00:00:00</subfield>
    <subfield code="w">2003-12-24</subfield>
    <subfield code="y">BK</subfield>
  </datafield>
</record>
